LEADER 01560nam a2200313 u 4500 001 000000115811 003 CaOOAMICUS 005 20090522163731.0 008 090522s2007 pl u000 u pol r 020 $z978-83-7306-383-9* 040 $aPUL$bita$dLDB 041 0 $apol$bgerengita 245 00$aAniolowie i demony /$cpraca zbiorowa pod redakcja ks. Jaroslawa M. Poplawskiego. 260 $aLublin :$bTowarzystwo naukowe Katolickiego uniwersytetu lubelskiego,$cc2007. 300 $a335 p. ;$c21 cm. 490 1 $aTowarzystwo naukowe Katolickiego Uniwersytetu Lubelskiego.$aRozprawy wydzia?u teologiczno-kanonicznego ;$v145 490 1 $aHomo meditans ;$v28 504 $aBibliografia in nota. 546 $aTesto in polacco, con abstract in tedesco, inglese, italiano 650 4$aDemonio e demonologia.$0(OLS)http://pul/subject/747 700 1 $aPoplawski, Jaroslaw.$0(OLS)http://pul/name/71850 830 0$aHomo meditans ;$v28.$0(OLS)http://pul/title/40656 830 0$aTowarzystwo naukowe Katolickiego Uniwersytetu Lubelskiego.$pRozprawy wydzia?u teologiczno-kanonicznego ;$v145.$0(OLS)http://pul/title/6780 850 $aPUL 852 $aPUL$W1$xDP1 Riviste Correnti$y15$m1061 D 2.28$j132714$qPeriodici$B131710$CPULBib$Z2$F131710 $H110457 $82 941 1 $a5 996 $6020$z978-83-7306-383-9*$9(OLS)http://pul/number/140801 996 $6245$aAniolowie i demony$9(OLS)http://pul/title/145528 996 $6260$aLublin :$bTowarzystwo naukowe Katolickiego uniwersytetu lubelskiego$9(OLS)http://pul/publisher/49570 LEADER 01163nam a2200277 a 4500 001 000000148119 003 CaOOAMICUS 005 20151214101036.0 008 151214s2015 vc a u000 u ita r 020 $a978-88-465-1040-2* 032 $aLibriCat 040 $aPUL$bita 082 04$a726 100 1 $aCarrú, Giovanni,$csac.$0(OLS)http://pul/name/1197 245 10$aImparare a guardare :$bil "bello" nel buio delle catacombe /$cGiovanni Carrù. 260 $aCittà del Vaticano :$bLateran University Press,$c©2015. 300 $a107 p. ;$c24 cm. 650 04$aCatacombe$zRoma.$0(OLS)http://pul/subject/10567 850 $aPUL 852 $aPUL$W1$xSL Cons. Gen., Altre Classi 3$y75$m726 CARGI 1$j170873$qDDC 21$B171950$CPULBib$Z2$F171950 $H126769 $81 941 1 $a9 996 $6020$a978-88-465-1040-2*$9(OLS)http://pul/number/159284 996 $6082$a726$9(OLS)http://pul/classification/2345 996 $6245$aImparare a guardare :$bil "bello" nel buio delle catacombe$9(OLS)http://pul/title/186901 996 $6260$aCittà del Vaticano :$bLateran University Press$9(OLS)http://pul/publisher/74585 LEADER 01009nam a2200241 a 4500 001 000000151495 003 CaOOAMICUS 005 20160503115359.0 008 160503s1934 it u000 u ita r 032 $aLibriCat 040 $aPUL$bita 110 1 $aBergamo (diocesi).$0(OLS)http://pul/name/96388 245 10$aAtti della settimana per la moralità :$b12-19 novembre 1933. 260 $aBergamo :$bSocietà editrice S. Alessandro,$c1934. 300 $a145 p. ;$c20 cm. 500 $aIn testa al front.: Giunta diocesana di Bergamo. 650 4$aMorale cristiana.$0(OLS)http://pul/subject/33527 850 $aPUL 852 $aPUL$W1$xDP1 Cons. Gen., Altre Classi 1$y22$m911 A 9$j174060$qStampati$B176513$CPULBib$Z2$F176513 $H10624 $81 941 1 $a8 996 $6245$aAtti della settimana per la moralità :$b12-19 novembre 1933$9(OLS)http://pul/title/190766 996 $6260$aBergamo :$bSocietà editrice S. Alessandro$9(OLS)http://pul/publisher/52248 LEADER 01009naa a2200229 u 4500 001 000000103227 003 CaOOAMICUS 005 20070226130215.0 008 061102s1966 gw u000 u ger u 035 $a11105167 040 $aIAR$bita 100 1 $aTheiler, Willy,$d1899-$0(OLS)http://pul/name/21838 245 14$aDie chaldäischen Orakel und die Hymnen des Synesios /$cWilly Theiler. 260 $aBerlin :$bWalter de Gruyter,$c1966. 300 $ap. 252-301 ;$c25 cm 500 $aIAR: CFA.49 500 $aErstveröffentlichung: Schriften der Königsberger Gelehrten Gesellschaft, Geistesw.Kl. 18, 1942. 600 04$aSynesius Cyrenensis,$cvesc. di Ptolemais,$dc. 370-c. 414.$0(OLS)http://pul/subject/8677 773 0 $aForschungen zum Neuplatonismus. 773 0 $aTheiler, Willy.$tForschungen zum Neuplatonismus$gBd. 10$w()26550 996 $6245$aDie chaldäischen Orakel und die Hymnen des Synesios$9(OLS)http://pul/title/130134 996 $6260$aBerlin :$bWalter de Gruyter$9(OLS)http://pul/publisher/48231 LEADER 01154nam a2200265 a 4500 001 000000152782 003 CaOOAMICUS 005 20160711174413.0 008 160711s1977 it u000 u ita r 032 $aLibriCat 040 $aPUL$bita 245 00$aDissenso e socialismo :$buna voce marxista del Samidzat sovietico /$cR. Medvedev ... [et al.] ; con un saggio di Vittorio Strada. 260 $aTorino :$bEinaudi,$c©1977. 300 $aXXIX, 234 p. ;$c18 cm. 490 1 $aNuovo politecnico ;$v93 650 4$aSocialismo.$0(OLS)http://pul/subject/3492 700 1 $aMedvedev, Roj Aleksandrovi?,$d1925-$0(OLS)http://pul/name/31946 700 1 $aStrada, Vittorio,$d1929-$0(OLS)http://pul/name/10371 830 0$aNuovo politecnico ;$v93.$0(OLS)http://pul/title/17206 850 $aPUL 852 $aPUL$W1$xDP1 Fondo G. Barberini$y122$m2 A 67$j155989$qFondi$B178280$CPULBib$Z2$F178280 $HBar1186 $81 941 1 $a1 996 $6245$aDissenso e socialismo :$buna voce marxista del Samidzat sovietico$9(OLS)http://pul/title/192198 996 $6260$aTorino :$bEinaudi$9(OLS)http://pul/publisher/48130 LEADER 01685nam a2200373 a 4500 001 000000161742 003 CaOOAMICUS 005 20170710085934.0 008 170710s2016 be h b u000 u fre r 020 $a9782503528601* 032 $aLibriCat 040 $aPUL$bita 041 1 $afre$alat$hlat 082 04$a189 100 0 $aGerardus, Cremonensis,$d1114-1187.$0(OLS)http://pul/name/103649 245 13$aLe "De scientiis Alfarabii" de Gérard de Crémone :$bcontribution aux problèmes de l'acculturation au XIIe siècle /$cAlain Galonnier ; préface de Jean Jolivet ; postface de Max Lejbowicz. 260 $aTurnhout :$bBrepols,$c©2016. 300 $a374 p. :$bfacsim. ;$c24 cm. 490 1 $aNutrix ;$v09 504 $aBibliografia: p. 337-360. 546 $aTesto latino a fronte. 650 4$aCultura$xStoria$yEvo medio.$0(OLS)http://pul/subject/15861 700 1 $aLejbowicz, Max.$0(OLS)http://pul/name/103650 700 1 $aJolivet, Jean,$d1925-$0(OLS)http://pul/name/3629 700 1 $aGalonnier, Alain,$d1957-$0(OLS)http://pul/name/25872 830 0$aNutrix ;$v09.$0(OLS)http://pul/title/144161 850 $aPUL 852 $aPUL$W1$xSL Filosofia 3$y81$m189 COLL 2.9$j185722$qDDC 21$B188938$CPULBib$Z2$F188938 $H129966 $81 941 1 $a9 996 $6020$a9782503528601*$9(OLS)http://pul/number/162988 996 $6082$a189$9(OLS)http://pul/classification/439 996 $6245$aLe "De scientiis Alfarabii" de Gérard de Crémone :$bcontribution aux problèmes de l'acculturation au XIIe siècle$9(OLS)http://pul/title/201510 996 $6260$aTurnhout :$bBrepols$9(OLS)http://pul/publisher/47850